MARC

LEADER 00000nam0a2200000 4500
001 300122
005 20231102001254.0
035 |a (RuTPU)RU\TPU\book\325275 
090 |a 300122 
100 |a 20150707d1956 k y0rusy50 ca 
101 0 |a rus 
102 |a UA 
105 |a a z 001zy 
200 1 |a Аэрогидромеханика  |e общие законы  |f А. И. Борисенко 
210 |a Харьков  |c Изд-во Харьковского ун-та  |d 1956 
215 |a 212 с.  |c ил. 
320 |a Библиогр. в конце ст. 
606 1 |a Аэрогидромеханика  |2 stltpush  |3 (RuTPU)RU\TPU\subj\64524  |9 81391 
610 1 |a сплошные среды 
610 1 |a кинематика 
610 1 |a закон сохранения массы 
610 1 |a закон сохранения энергии 
610 1 |a теория подобия 
610 1 |a сжимаемость 
675 |a 532  |v 4 
700 1 |a Борисенко  |b А. И.  |g Александр Иванович 
801 1 |a RU  |b 63413507  |c 20150707 
801 2 |a RU  |b 63413507  |c 20160920  |g RCR 
942 |c BK